00438nam a2200145Ia 4500003000900000008004100009020002600050020002700076040001600103100002200119245003500141260003200176300002000208856006400228IN-BaIIA211028s9999 xx s 000 0 eng d a9780819407634 (Print) a9780819479013 (Online) cIIA Library aKingslake, Rudolf 0aOptics in Photographyh[eBook] aWashington, USAbSPIEc1992 aOnline resource uhttps://doi.org/10.1117/3.43160yClick Here to Access eBook